LEADER 00948nam0 2200289 450 001 000021979 005 20090123095828.0 100 $a20090123d1992----km-y0itay50------ba 101 0 $aita 102 $aIT 105 $ay-------001yy 200 1 $a<>guida alla teoria dei giochi$fRoberto Cellini, Luca Lambertini 210 $aBologna$cClueb$dc1992 215 $a171 p.$d22 cm 225 2 $aCollana di economia generale$v7 410 0$12001$aCollana di economia generale 500 10$a<>guida alla teoria dei giochi$946958 610 1 $aEconomia$aModelli matematici 610 1 $aTeoria dei giochi 676 $a330.015193$v21$9Scienze economiche. Teoria dei giochi 700 1$aCellini,$bRoberto$0438185 701 1$aLambertini,$bLuca$081232 801 0$aIT$bUNIPARTHENOPE$c20090123$gRICA$2UNIMARC 912 $a000021979 951 $a026/12$b7636$cNAVA2 996 $aGuida alla teoria dei giochi$946958 997 $aUNIPARTHENOPE